The culture of violence (Record no. 97227)
[ view plain ]
| 000 -LEADER | |
|---|---|
| fixed length control field | 01395nam a2200349Ia 4500 |
| 245 04 - TITLE STATEMENT | |
| Title | The culture of violence |
| 260 ## - PUBLICATION, DISTRIBUTION, ETC. (IMPRINT) | |
| Place of publication | Tokyo ; |
| -- | New York : |
| Name of publisher | United Nations University Press, |
| Year of publication | c1994. |
| 300 ## - PHYSICAL DESCRIPTION | |
| Number of Pages | vi, 292 p. |
| 650 #0 - SUBJECT ADDED ENTRY--TOPICAL TERM | |
| Topical Term | Civil war |
| Topical Term | Political violence |
| Topical Term | Violence |
| Topical Term | Violence |
| 700 1# - ADDED ENTRY--PERSONAL NAME | |
| Personal name | Rubio Correa, Marcial. |
| Personal name | Rupesinghe, Kumar. |
| 856 40 - ELECTRONIC LOCATION AND ACCESS | |
| Uniform Resource Identifier | http://site.ebrary.com/lib/rucke/Doc?id=10605371 |
No items available.
